| 000 | 00726cab a2200181 4500 | ||
|---|---|---|---|
| 001 | ##L133564 | ||
| 008 | 060518n2006 000 0 eng u | ||
| 035 | _a(Sirsi) u133564 | ||
| 041 | 0 | _aeng | |
| 100 | 1 | _aRawlinson, Simon | |
| 245 | 0 | 0 |
_aProcurement _btwo-stage tendering |
| 260 | _c2006 | ||
| 490 | 0 |
_aBuilding _v271(8430) 12 May 2006, 62-66(5) |
|
| 520 | _aProvides an overview of two-stage tendering, looks at its advantages and disadvantages, and explains how to adapt two-stage tendering for a design-and-build based procurement. Also considers the steps that can be taken to improve a client's negotiating position on a two-stage tender. | ||
| 590 | _aIKA230506 NTK | ||
| 690 |
_aProcurement _96260 |
||
| 942 | _n0 | ||
| 999 |
_c77084 _d77084 |
||